| 000 | 00949nas a2200337 4500 | ||
|---|---|---|---|
| 001 | BR0105046 | ||
| 003 | BR-BrBNA | ||
| 005 | 20231205102457.0 | ||
| 007 | ta | ||
| 008 | 230509b bl.|||p| |||| 00| 00por d | ||
| 040 |
_aBR-BrBNA _bpor _cBiblioteca Nacional de Agricultura |
||
| 041 | _a(Pt) | ||
| 072 | _aF07 | ||
| 100 | 1 | _aLopes, A. | |
| 100 | 1 | _aFurlani, C.E.A. | |
| 100 | 1 | _aAbrahao, F.Z. | |
| 100 | 1 | _aLeite, M.A.S. | |
| 100 | 1 | _aGrotta, D.C.C. | |
| 245 | 1 | _aEfeito do preparo do solo e da velocidade de semeadura na cultura do milho (Zea mays L.) | |
| 650 | _aMilho | ||
| 650 | _aManejo do Solo | ||
| 650 | _aSemeadura | ||
| 650 | _aEscarificacao | ||
| 650 | _aGradagem | ||
| 650 | _aAradura | ||
| 650 | _aPlantio Direto | ||
| 650 | _aSao Paulo | ||
| 773 | 0 |
_tEngenharia Agricola (Brazil) _xISSN 0100-6916 _g(Jan 2001), v. 21(1) p. 68-73 _wBR0105046 |
|
| 909 |
_a202311 _bLúcia _c55 _dLúcia Elande |
||
| 942 |
_2AGRIS _n0 _cANA |
||
| 999 |
_c167764 _d167764 |
||